| 000 | 00564nam a22001697a 4500 | ||
|---|---|---|---|
| 008 | 130821s1825 fr gr fre | ||
| 040 |
_aCo-BoUCM _bspa |
||
| 041 | 0 | 0 | _afre |
| 100 | 1 |
_aScott, Walter _cSir _d1771-1832 _959905 |
|
| 245 | 1 | 0 |
_aGuy Mannering _cWalter Scott ; versión castellana de E. López y Fernández |
| 260 |
_aParís (Francia) _bGarner Hermanos _c1825 |
||
| 300 | _a2 volúmenes | ||
| 650 | 0 | 4 |
_aLiteratura inglesa _9272 |
| 650 | 0 | 4 |
_aNovela inglesa _920530 |
| 942 |
_cLIBRO _a18 _e1 _mS26 _n0 _2DEWEY _h823 |
||
| 999 |
_c86753 _d86753 |
||